000
00234 a2200097 4500
001
37349
100
_a
Bashir Ahmed
245
_a
Quran-e-Majeed Ka Nazria-e-Ikhlaq
260
_a
Lahore
_b
Islamic Book Service
_c
090
_c
23820
_d
23820
942
_a
NUST-CAE
_c
M
_c
15359
999
_c
272422
_d
272422